00434nam a2200133Ia 4500082002000000100001700020245006600037260003800103300001000141504002400151650004700175650005400222650002400276 a911.09544 MIS-; aMishra, N.L. 0aGeography behind political history: a study of Harauti region aJaipurbR.B.S.A. Publishersc1987 a208p. aIncludes appendices aHistorical geography - Harauti (Rajasthan) aHistorical geography - Maps - Harauti (Rajasthan) aPolitical sociology